Prinzipien in der tschechischen und slowakischen Archivkunde

Titel: Prinzipien in der tschechischen und slowakischen Archivkunde
Verfasser:
In: Archivalische Zeitschrift, Band 88 (2006), Seite 13-23
alle Artikel anzeigen
Veröffentlicht: 2006
Format: Aufsatz
Sprache: Deutsch
Kein Bild verfügbar
X
alg: 39264394
001A    $01999:11-11-16 
001B    $01999:06-04-21 $t20:51:21.000 
001C    $06050:19-11-16 $t08:46:14.000 
001D    $01999:11-11-16 
001U    $0utf8 
001X    $00 
002@    $0Aox 
003@    $0392643944 
007A    $0392643944 $aHEB 
007T    $0Herdc0055460m 
010@    $ager 
011@    $a2006 
021A    $aPrinzipien in der tschechischen und slowakischen Archivkunde 
028A    $71053538715 $8Babička, Vácslav$Z1949-2012 [Tp1] $934316194X 
031A    $d88 $h13-23 $j2006 
039B    $aIn $8--Abvc--. Archivalische Zeitschrift. - Köln : Böhlau, 1876-. - ISSN 0003-9497 $x200600000880000987 $9047256281 
045F    $a907.2094371 $eDDC23BSB 
045F/01 $a907.2 
045F/03 $g4371 
045F/03 $g4373 
045T    $a8 

lok: 39264394 78

exp: 39264394 78 1 #EPN
201B/01 $026-11-17 $t01:12:45.000 
201U/01 $0utf8 
203@/01 $0788742663 
208@/01 $a11-11-16 $be 
209A/01 $a/ $f000 $x00 
220C/01 $aTitelaufnehmer: pg 
220C/01 $aHerkunft: HI Marburg 
220C/01 $aAnmerkung: *ng , wird von pg erledigt 
244Z/01 $#Tschechien $#Tschechische Republik $#Tschechische Republik $#Tschechenland $#Tschechei Tschechien $#Česká Republika $#Czech Republic $#ČR $74303381-7 $8--Tg1--Tschechien $x01 $9086659812 
244Z/01 $2Trx $#Böhmen $#Bohemia $#Czechy $8--Trx--Čechy $x02 $9391188941 
244Z/01 $2Trx $#Slowakische Republik $#Szlovák Köztársaság $#Republika Słowacka $#Slovenská Republika $#Slovensko $#Slowakei $#Słowacja $#Slovensko $8--Trx--Slovenská Republika $x03 $9391345796 
244Z/01 $2Trx $#arhiivi olemus $#archyvistika $#archivistics $#levéltári dolog $#archiwistyka $#archívnictvo $#archivnictví $8--Trx--Archivwesen $x04 $939135406X 
244Z/01 $2Trx $8--Trx--Zeitschriftenaufsatz $x05 $9391384341 
245Z/01 $a04.02 $x01 
247C/01 $82080>Marburg/Lahn, Herder-Institut, Forschungsbibliothek, Bibliographieportal $9336309341
LEADER 00000caa a22000002c 4500
001 392643944
003 DE-603
005 20210406205121.0
007 tu
008 161111s2006 xx |||| | u00||u|ger c
035 |a (DE-599)HEB392643944 
040 |a DE-603  |b ger  |c DE-603  |d DE-603 
041 |a ger 
082 0 4 |8 1\u  |a 907.2094371  |q DE-101  |2 23/BSB 
084 |a 8  |2 ssgn 
085 |8 1\u  |b 907.2 
085 |8 1\u  |z 2  |s 4371 
085 |8 1\u  |z 2  |s 4373 
100 1 |a Babička, Vácslav  |d 1949-2012  |0 (DE-603)34316194X  |0 (DE-588)1053538715  |2 gnd 
245 0 0 |a Prinzipien in der tschechischen und slowakischen Archivkunde 
264 0 |c 2006 
773 0 8 |i In  |t Archivalische Zeitschrift  |d Köln : Böhlau, 1876-  |x 0003-9497  |g Band 88 (2006), Seite 13-23  |w (DE-603)047256281  |w (DE-600)201051-3 
924 0 |9 2080  |a (DE-603)788742663  |b DE-2080  |c HES  |d d  |g /